|
|
|
|
| LEADER |
00000nam0a2200000 4500 |
| 001 |
164701 |
| 005 |
20231101222512.0 |
| 010 |
|
|
|a 5247026551
|
| 020 |
|
|
|a RU
|b 92-14465
|
| 035 |
|
|
|a (RuTPU)RU\TPU\book\178676
|
| 090 |
|
|
|a 164701
|
| 100 |
|
|
|a 20090909d1992 k a0rusy5003 ca
|
| 101 |
0 |
|
|a rus
|
| 102 |
|
|
|a RU
|
| 105 |
|
|
|a a z 000zy
|
| 200 |
1 |
|
|a Оптико-механическое трансформирование снимков
|f С. В. Агапов
|
| 210 |
|
|
|a Москва
|c Недра
|d 1992
|
| 215 |
|
|
|a 78 с.
|c ил.
|
| 606 |
|
|
|a Снимки
|x Трансформирование, оптико механическое
|2 stltpush
|3 (RuTPU)RU\TPU\subj\55396
|9 73432
|
| 610 |
1 |
|
|a аэроснимки
|
| 610 |
1 |
|
|a космические снимки
|
| 610 |
1 |
|
|a дешифрирование
|
| 610 |
1 |
|
|a оптические методы
|
| 610 |
1 |
|
|a аэрокосмические снимки
|
| 675 |
|
|
|a 528.72
|z rus
|
| 700 |
|
1 |
|a Агапов
|b С. В.
|g Сергей Васильевич
|4 070
|
| 801 |
|
0 |
|a RU
|b RuMRKP
|c 19950417
|g psbo
|
| 801 |
|
1 |
|a RU
|b 63413507
|c 20090909
|
| 801 |
|
2 |
|a RU
|b 63413507
|c 20170627
|g RCR
|
| 942 |
|
|
|c BK
|